[Event "Penang op-A 9th"]
[Site "Penang"]
[Date "2017.12.08"]
[Round "7"]
[White "Yee, Jian Yang"]
[Black "Loh, Shao Kai Dylan"]
[Result "1/2-1/2"]
[WhiteElo "1835"]
[BlackElo "1668"]
[PlyCount "32"]
[EventDate "2017.12.04"]
[EventType "swiss"]
[EventRounds "9"]
[EventCountry "MAS"]
[SourceTitle "CBM 182 Extra"]
[Source "ChessBase"]
[SourceDate "2018.02.23"]
[SourceVersion "1"]
[SourceVersionDate "2018.02.23"]
[SourceQuality "1"]

1. d4 Nf6 2. Nf3 c5 3. d5 b5 4. Bg5 Qb6 5. Bxf6 Qxf6 6. c3 d6 7. e4 Bd7 8. Nbd2 g6 9. Qb3 a6 10. a4 b4 11. cxb4 cxb4 12. Qxb4 Bc8 13. Rb1 Bg7 14. a5 Nd7 15. Nc4 Rb8 16. Qd2 Nc5 1/2-1/2

[Event "Penang op-A 9th"]
[Site "Penang"]
[Date "2017.12.05"]
[Round "2"]
[White "Ma, Ling"]
[Black "Yee, Jian Yang"]
[Result "1-0"]
[WhiteElo "2152"]
[BlackElo "1835"]
[PlyCount "47"]
[EventDate "2017.12.04"]
[EventType "swiss"]
[EventRounds "9"]
[EventCountry "MAS"]
[SourceTitle "CBM 182 Extra"]
[Source "ChessBase"]
[SourceDate "2018.02.23"]
[SourceVersion "1"]
[SourceVersionDate "2018.02.23"]
[SourceQuality "1"]

1. Nf3 d5 2. g3 Nf6 3. Bg2 e6 4. 0-0 b6 5. c4 Bb7 6. Ne5 Nbd7 7. Qa4 Bd6 8. Nc6 Qc8 9. d4 a6 10. cxd5 exd5 11. Bf4 b5 12. Qc2 Nb8 13. Na5 Bxf4 14. gxf4 0-0 15. Nd2 c6 16. Rac1 Qc7 17. b4 Rc8 18. e4 dxe4 19. Nxe4 Nxe4 20. Bxe4 g6 21. d5 Ra7 22. Qc5 Ba8 23. d6 Qd7 24. Bg2 1-0

[Event "Kuala Lumpur UM KPT op"]
[Site "Kuala Lumpur"]
[Date "2016.12.17"]
[Round "5"]
[White "Lee, Wen Xuan"]
[Black "Yee, Jian Yang"]
[Result "1/2-1/2"]
[WhiteElo "1399"]
[BlackElo "1817"]
[PlyCount "72"]
[EventDate "2016.12.16"]
[EventType "swiss"]
[EventRounds "9"]
[EventCountry "MAS"]
[SourceTitle "CBM 176 Extra"]
[Source "ChessBase"]
[SourceDate "2017.03.02"]
[SourceVersion "1"]
[SourceVersionDate "2017.03.02"]
[SourceQuality "1"]

1. d4 g6 2. c4 Bg7 3. Nc3 c5 4. Nf3 cxd4 5. Nxd4 Nc6 6. Be3 Nf6 7. Rc1 0-0 8. g3 d6 9. Bg2 Bd7 10. 0-0 Nxd4 11. Bxd4 Bc6 12. Nd5 Nxd5 13. cxd5 Bd7 14. Bxg7 Kxg7 15. Qd4+ Kg8 16. Qb4 b5 17. Rc3 Rc8 18. Rfc1 Qb6 19. Rxc8 Rxc8 20. Rxc8+ Bxc8 21. Qc3 Bd7 22. b4 f6 23. Be4 Qb7 24. Qe3 Kg7 25. h4 Qc7 26. Bd3 Be8 27. g4 Qd7 28. Qe5 Bf7 29. h5 Qb7 30. hxg6 hxg6 31. a3 Kf8 32. Qd4 g5 33. Be4 Ke8 34. Qd3 Bg8 35. Bf3 Kf8 36. Be4 Ke8 1/2-1/2

[Event "Kuala Lumpur UM KPT op"]
[Site "Kuala Lumpur"]
[Date "2016.12.16"]
[Round "3"]
[White "Khoo, Ming Hin Melwin"]
[Black "Yee, Jian Yang"]
[Result "0-1"]
[WhiteElo "1316"]
[BlackElo "1817"]
[PlyCount "80"]
[EventDate "2016.12.16"]
[EventType "swiss"]
[EventRounds "9"]
[EventCountry "MAS"]
[SourceTitle "CBM 176 Extra"]
[Source "ChessBase"]
[SourceDate "2017.03.02"]
[SourceVersion "1"]
[SourceVersionDate "2017.03.02"]
[SourceQuality "1"]

1. d4 g6 2. Nf3 Bg7 3. e3 c5 4. dxc5 Qa5+ 5. c3 Qxc5 6. Bd3 Nf6 7. 0-0 0-0 8. b4 Qc7 9. Bb2 d5 10. Qc2 e5 11. e4 dxe4 12. Bxe4 Nxe4 13. Qxe4 Bf5 14. Qe1 Bd3 15. Nbd2 Nd7 16. Qe3 Bxf1 17. Rxf1 b5 18. Re1 Rfe8 19. Ne4 f5 20. Ned2 a6 21. Qe2 Nb6 22. c4 Nxc4 23. Nxc4 Qxc4 24. Qxc4+ bxc4 25. Bxe5 Bxe5 26. Nxe5 c3 27. f4 Rac8 28. Rc1 Red8 29. Rc2 Rd2 30. Rc1 c2 31. Nf3 Rd1+ 32. Rxd1 cxd1Q+ 33. Kf2 Qc2+ 34. Kg3 Qxa2 35. Kh4 Qf2+ 36. Kh3 Qe2 37. Ng1 Rc3+ 38. Nf3 Rxf3+ 39. gxf3 Qxf3+ 40. Kh4 Qg4# 0-1

[Event "Penang op 8th"]
[Site "Penang"]
[Date "2016.12.09"]
[Round "7"]
[White "Lee, Jun Wei"]
[Black "Yee, Jian Yang"]
[Result "1/2-1/2"]
[WhiteElo "2093"]
[BlackElo "1817"]
[PlyCount "77"]
[EventDate "2016.12.05"]
[EventType "swiss"]
[EventRounds "9"]
[EventCountry "MAS"]
[SourceTitle "CBM 176 Extra"]
[Source "ChessBase"]
[SourceDate "2017.03.02"]
[SourceVersion "1"]
[SourceVersionDate "2017.03.02"]
[SourceQuality "1"]

1. d4 g6 2. e4 Bg7 3. Nc3 c5 4. dxc5 Bxc3+ 5. bxc3 Qa5 6. Bd3 Qxc3+ 7. Bd2 Qxc5 8. Rb1 d6 9. Ne2 Nd7 10. 0-0 Ngf6 11. Bc3 a6 12. Qd2 0-0 13. Bd4 Qc7 14. Nc3 b5 15. a4 bxa4 16. Nxa4 Bb7 17. f3 Rfb8 18. Qf2 Bc6 19. Nb6 Nxb6 20. Bxb6 Qc8 21. Bd4 Qc7 22. Qe2 e5 23. Ba1 Bb5 24. c4 Qc5+ 25. Qf2 Qxf2+ 26. Rxf2 Bc6 27. Rxb8+ Rxb8 28. Ra2 Rb6 29. c5 dxc5 30. Bxa6 Nd7 31. Bc8 Rb8 32. Bxd7 Bxd7 33. Bxe5 Rc8 34. Kf2 Be6 35. Rb2 Kf8 36. Ke2 Rd8 37. Bf6 Rc8 38. Kd2 Ra8 39. Kc2 1/2-1/2

[Event "Penang op 8th"]
[Site "Penang"]
[Date "2016.12.06"]
[Round "2"]
[White "Yee, Jian Yang"]
[Black "Pham, Minh Hieu"]
[Result "1/2-1/2"]
[WhiteElo "1817"]
[BlackElo "2026"]
[PlyCount "86"]
[EventDate "2016.12.05"]
[EventType "swiss"]
[EventRounds "9"]
[EventCountry "MAS"]
[SourceTitle "CBM 176 Extra"]
[Source "ChessBase"]
[SourceDate "2017.03.02"]
[SourceVersion "1"]
[SourceVersionDate "2017.03.02"]
[SourceQuality "1"]

1. d4 Nf6 2. Nf3 b6 3. e3 e6 4. Bd3 Bb7 5. 0-0 Be7 6. Nbd2 d5 7. b3 0-0 8. Bb2 c5 9. Ne5 Nfd7 10. f4 f5 11. Rf3 Nxe5 12. fxe5 Nc6 13. c3 Bg5 14. Qe2 Ne7 15. Rh3 Bc6 16. Nf3 Bh6 17. Ba3 cxd4 18. cxd4 Qd7 19. Kh1 Rf7 20. Rg1 Kh8 21. g4 fxg4 22. Rxg4 Nf5 23. Ng5 Bxg5 24. Rxg5 Qd8 25. Qh5 Nh6 26. Qxf7 Qxg5 27. Qxe6 Qg4 28. Qxg4 Nxg4 29. Kg2 Bd7 30. Rf3 Kg8 31. h3 Nh6 32. Bb4 a5 33. Bd2 a4 34. h4 Rc8 35. Rf1 Rc7 36. Rc1 Rxc1 37. Bxc1 Nf5 38. Bd2 b5 39. Kf3 g6 40. Be1 Kf7 41. Bf2 Ne7 42. Kg3 Ke6 43. Kf4 h6 1/2-1/2

[Event "Penang op 8th"]
[Site "Penang"]
[Date "2016.12.05"]
[Round "1"]
[White "Singh, Kabir"]
[Black "Yee, Jian Yang"]
[Result "1/2-1/2"]
[WhiteElo "1829"]
[BlackElo "1817"]
[PlyCount "64"]
[EventDate "2016.12.05"]
[EventType "swiss"]
[EventRounds "9"]
[EventCountry "MAS"]
[SourceTitle "CBM 176 Extra"]
[Source "ChessBase"]
[SourceDate "2017.03.02"]
[SourceVersion "1"]
[SourceVersionDate "2017.03.02"]
[SourceQuality "1"]

1. e4 g6 2. d4 Bg7 3. c4 c5 4. Nf3 cxd4 5. Nxd4 Nc6 6. Be3 Nf6 7. Nc3 0-0 8. Be2 d6 9. 0-0 Nxd4 10. Bxd4 Be6 11. Rc1 a5 12. f4 Qc8 13. Nd5 Bxd5 14. cxd5 Qd8 15. Bf3 Nd7 16. Bxg7 Kxg7 17. Qd4+ Kg8 18. e5 Nc5 19. exd6 exd6 20. f5 b6 21. f6 Re8 22. Rce1 Nd7 23. Be2 Re5 24. Rf2 Ra7 25. Ref1 Rc7 26. Bb5 Rc5 27. Bxd7 Qxd7 28. b4 axb4 29. Qxb4 Qd8 30. a4 Rexd5 31. Rb1 Rf5 32. Rxf5 Qc8 1/2-1/2

[Event "Shah Alam Challenger"]
[Site "Shah Alam"]
[Date "2016.01.23"]
[Round "1"]
[White "Yee, Jian Yang"]
[Black "Hj Sapuan, Ngasiman"]
[Result "1/2-1/2"]
[WhiteElo "1873"]
[BlackElo "1532"]
[PlyCount "109"]
[EventDate "2016.01.23"]
[EventType "swiss"]
[EventRounds "9"]
[EventCountry "MAS"]
[SourceTitle "EXT 2017"]
[Source "ChessBase"]
[SourceDate "2016.10.25"]
[SourceVersion "1"]
[SourceVersionDate "2016.10.25"]
[SourceQuality "1"]

1. g3 Nc6 2. Bg2 d5 3. c4 Nf6 4. cxd5 Nxd5 5. Nc3 Nxc3 6. bxc3 e5 7. Rb1 Bc5 8. d3 0-0 9. Nf3 h6 10. 0-0 Re8 11. Qa4 Bb6 12. Be3 Bd7 13. Qc2 Rb8 14. c4 Bxe3 15. fxe3 a6 16. Kh1 Qe7 17. Nd2 Qg5 18. Rf3 Bg4 19. Ne4 Qe7 20. Rf2 f5 21. Nc3 Qg5 22. Nd5 Ne7 23. Qc1 Nxd5 24. Bxd5+ Kh8 25. Rxb7 Rxb7 26. Bxb7 Qf6 27. Bg2 Rb8 28. h3 Bh5 29. g4 Qh4 30. Rxf5 Bxg4 31. Rf1 Bxe2 32. Qe1 Qxe1 33. Rxe1 Bxd3 34. Rd1 Bxc4 35. Rd7 Bxa2 36. Rxc7 Bg8 37. Ra7 Bc4 38. Re7 a5 39. Rxe5 a4 40. Ra5 Bb3 41. Bc6 g5 42. Bxa4 Bxa4 43. Rxa4 Kg7 44. Ra6 Rb3 45. Re6 Rb2 46. Kg1 Re2 47. e4 h5 48. e5 Kf7 49. Rf6+ Kg7 50. Re6 h4 51. Kh1 Kf7 52. Rf6+ Ke7 53. Rf5 Re1+ 54. Kg2 Re2+ 55. Kg1 1/2-1/2

[Event "Penang op 7th"]
[Site "Penang"]
[Date "2015.12.11"]
[Round "8"]
[White "Le, Huu Thai"]
[Black "Yee, Jian Yang"]
[Result "1/2-1/2"]
[WhiteElo "2042"]
[BlackElo "1800"]
[PlyCount "54"]
[EventDate "2015.12.07"]
[EventType "swiss"]
[EventRounds "9"]
[EventCountry "MAS"]
[SourceTitle "CBM 169 Extra"]
[Source "ChessBase"]
[SourceDate "2015.12.18"]
[SourceVersion "1"]
[SourceVersionDate "2015.12.18"]
[SourceQuality "1"]

1. b3 g6 2. Bb2 Nf6 3. g4 h6 4. Bg2 Bg7 5. c4 c6 6. e3 d6 7. h3 Qc7 8. Ne2 Nbd7 9. 0-0 0-0 10. d4 Re8 11. Ng3 e5 12. Na3 Nf8 13. Rc1 Ne6 14. Rc2 exd4 15. exd4 Nf4 16. Qf3 d5 17. cxd5 N6xd5 18. Nc4 Nxg2 19. Qxg2 Nf4 20. Qh2 Nd3 21. Bc3 Nf4 22. Ne3 Nd5 23. Nxd5 cxd5 24. f4 Qb6 25. Qf2 f5 26. gxf5 Bxf5 27. Nxf5 gxf5 1/2-1/2

[Event "Penang op 7th"]
[Site "Penang"]
[Date "2015.12.09"]
[Round "5"]
[White "Yee, Jian Yang"]
[Black "Gong, Qianyun"]
[Result "0-1"]
[WhiteElo "1800"]
[BlackElo "2317"]
[PlyCount "96"]
[EventDate "2015.12.07"]
[EventType "swiss"]
[EventRounds "9"]
[EventCountry "MAS"]
[SourceTitle "CBM 169 Extra"]
[Source "ChessBase"]
[SourceDate "2015.12.18"]
[SourceVersion "1"]
[SourceVersionDate "2015.12.18"]
[SourceQuality "1"]

1. d4 f5 2. Bg5 Nf6 3. Bxf6 exf6 4. e3 d5 5. c4 Nc6 6. Nc3 Bb4 7. Bd3 Be6 8. cxd5 Qxd5 9. Nf3 Qa5 10. Qd2 Bd5 11. a3 Be4 12. Rc1 Bxc3 13. Rxc3 Qd5 14. Bxe4 fxe4 15. Rc5 Qd7 16. Ng1 0-0 17. Ne2 Nd8 18. d5 Rc8 19. Qd4 Re8 20. f3 Nf7 21. Kf2 exf3 22. gxf3 Ne5 23. Ng3 c6 24. d6 Rcd8 25. Ne4 Qf5 26. Qd1 b6 27. Rc3 Nf7 28. Ng3 Qe6 29. Rxc6 Qxe3+ 30. Kg2 Qe6 31. Rf1 Rxd6 32. Rxd6 Nxd6 33. Rf2 Nc4 34. Qd3 Ne3+ 35. Kg1 f5 36. Nf1 f4 37. Nxe3 fxe3 38. Re2 h6 39. Kg2 Kf8 40. Kg1 Qe5 41. Kf1 Qf4 42. Kg2 h5 43. Qd5 Re5 44. Qd8+ Kf7 45. Qd3 g6 46. Qd7+ Kf6 47. Qb7 Qc4 48. Kf1 Rd5 0-1

[Event "Penang op-B 5th"]
[Site "Penang"]
[Date "2013.12.11"]
[Round "5"]
[White "Yee, Jian Yang"]
[Black "Noor Akbar, Muhd Aziz Farhan"]
[Result "0-1"]
[WhiteElo "1761"]
[BlackElo "1734"]
[PlyCount "90"]
[EventDate "2013.12.09"]
[EventType "swiss"]
[EventRounds "9"]
[EventCountry "MAS"]
[SourceTitle "CBM 158 Extra"]
[Source "ChessBase"]
[SourceDate "2014.02.28"]
[SourceVersion "1"]
[SourceVersionDate "2014.02.28"]
[SourceQuality "1"]

1. d4 Nf6 2. Nf3 g6 3. Bf4 Bg7 4. Nc3 d6 5. e4 0-0 6. Qd2 Re8 7. 0-0-0 Bg4 8. Be2 Nbd7 9. e5 Nh5 10. Bh6 c6 11. h3 Bxh6 12. Qxh6 Bxf3 13. Bxf3 Ng7 14. exd6 exd6 15. h4 d5 16. h5 g5 17. Qd6 Re6 18. Qh2 h6 19. Rhe1 Qb8 20. Qxb8+ Rxb8 21. Rxe6 fxe6 22. Re1 Rf8 23. Nd1 Rf4 24. c3 Nf6 25. Be2 g4 26. Rf1 Rf5 27. Ne3 Rg5 28. Rh1 Nf5 29. Nxf5 exf5 30. f3 Nxh5 31. fxg4 Ng3 32. Re1 Nxe2+ 33. Rxe2 Rxg4 34. Re7 Rg7 35. Re2 Kf7 36. Kd2 Kf6 37. Ke1 Re7 38. Rxe7 Kxe7 39. Kf2 Kf6 40. Kf3 Kg5 41. a3 h5 42. b3 b6 43. c4 a5 44. cxd5 cxd5 45. a4 f4 0-1